[Event "Heusenstamm Sparkassen op-B 6th"]
[Site "Heusenstamm"]
[Date "2019.11.24"]
[Round "7"]
[White "Schmid, Leon"]
[Black "Fuchs, Henrik"]
[Result "0-1"]
[WhiteElo "1546"]
[BlackElo "1348"]
[PlyCount "132"]
[EventDate "2019.11.21"]
[EventType "swiss"]
[EventRounds "7"]
[EventCountry "GER"]
[SourceTitle "CBM 194 Extra"]
[Source "ChessBase"]
[SourceDate "2020.03.31"]
[SourceVersion "1"]
[SourceVersionDate "2020.03.31"]
[SourceQuality "1"]

1. d4 d5 2. Bf4 Nf6 3. e3 Nc6 4. Bd3 e6 5. Nd2 Bd6 6. Bxd6 Qxd6 7. Ngf3 0-0 8. 0-0 b6 9. c4 a5 10. cxd5 Qxd5 11. a3 Ba6 12. Bxa6 Rxa6 13. Rc1 Rc8 14. Qe2 Raa8 15. Rc3 Ne7 16. Rfc1 c6 17. e4 Qd8 18. Nc4 c5 19. dxc5 Rxc5 20. h3 Rac8 21. Rd1 Qc7 22. Qd3 h6 23. Nd6 Rxc3 24. bxc3 Rd8 25. e5 Ne8 26. Nd4 Nxd6 27. Nb5 Nxb5 28. Qxd8+ Qxd8 29. Rxd8+ Kh7 30. Rb8 Nxa3 31. Rxb6 Nd5 32. Ra6 Nc4 33. Rc6 Nxe5 34. Rc5 Ng6 35. c4 Nb6 36. Rc6 Nd7 37. Ra6 Nge5 38. Rxa5 Nxc4 39. Ra7 Nde5 40. Rc7 Nd6 41. Rc5 f6 42. Ra5 g5 43. g4 Kg6 44. Kg2 h5 45. Ra4 Nd3 46. Kg3 h4+ 47. Kf3 Nf4 48. Ra6 Nf7 49. Ke3 e5 50. Kd2 Nxh3 51. Ke1 Nh6 52. Kf1 Nxg4 53. Kg2 Nf4+ 54. Kg1 h3 55. f3 Ne3 56. Kh1 Kf5 57. Kh2 Nf1+ 58. Kh1 Ne2 59. f4 Neg3+ 60. Kg1 h2+ 61. Kf2 h1Q 62. Rxf6+ Kxf6 63. fxg5+ Kxg5 64. Ke1 Qe4+ 65. Kf2 Qe2+ 66. Kg1 Qh2# 0-1

[Event "Heusenstamm Sparkassen op-B 6th"]
[Site "Heusenstamm"]
[Date "2019.11.22"]
[Round "2"]
[White "Mook, Karl Juergen"]
[Black "Fuchs, Henrik"]
[Result "0-1"]
[WhiteElo "1513"]
[BlackElo "1348"]
[PlyCount "112"]
[EventDate "2019.11.21"]
[EventType "swiss"]
[EventRounds "7"]
[EventCountry "GER"]
[SourceTitle "CBM 194 Extra"]
[Source "ChessBase"]
[SourceDate "2020.03.31"]
[SourceVersion "1"]
[SourceVersionDate "2020.03.31"]
[SourceQuality "1"]

1. Nf3 d5 2. d4 Nf6 3. c4 e6 4. e3 Bb4+ 5. Nbd2 c5 6. dxc5 Bxc5 7. Bd3 Nc6 8. a3 0-0 9. 0-0 Re8 10. b4 Bb6 11. c5 Bc7 12. Bb2 b6 13. Bb5 Bd7 14. Bxc6 Bxc6 15. Nd4 Bb7 16. c6 Qd6 17. f4 Bxc6 18. Nxc6 Qxc6 19. Rc1 Qd6 20. Bxf6 gxf6 21. Qg4+ Kh8 22. Qh4 Qe7 23. Rf3 f5 24. Qh5 Rg8 25. Rh3 f6 26. Nf3 Qg7 27. Rg3 Qe7 28. Rh3 Rg7 29. Nh4 Rag8 30. Qf3 Rg4 31. Qf2 d4 32. exd4 Bxf4 33. Re1 Qd6 34. g3 Qd5 35. Ng2 Bg5 36. Ne3 Bxe3 37. Rxe3 Rxd4 38. Re1 Rd1 39. Rxd1 Qxd1+ 40. Kg2 Rd8 41. Qg1 Rd2+ 42. Kh1 Qxg1+ 43. Kxg1 Ra2 44. g4 fxg4 45. Rd3 e5 46. h3 h5 47. hxg4 hxg4 48. Re3 Kg7 49. Kf1 Kg6 50. Rc3 Kf5 51. Kg1 e4 52. b5 Kf4 53. Rb3 e3 54. Rb4+ Kf3 55. Rb3 Ra1+ 56. Kh2 g3+ 0-1

[Event "Heusenstamm Sparkassen op U14 5th"]
[Site "Heusenstamm"]
[Date "2018.11.25"]
[Round "7"]
[White "Fuchs, Henrik"]
[Black "Althaus, Lennart"]
[Result "0-1"]
[WhiteElo "1163"]
[BlackElo "1488"]
[PlyCount "110"]
[EventDate "2018.11.23"]
[EventType "swiss"]
[EventRounds "7"]
[EventCountry "GER"]
[SourceTitle "CBM 188 Extra"]
[Source "ChessBase"]
[SourceDate "2019.02.26"]
[SourceVersion "1"]
[SourceVersionDate "2019.02.26"]
[SourceQuality "1"]

1. d4 d5 2. c4 c6 3. cxd5 cxd5 4. Nf3 Nc6 5. Nc3 Nf6 6. Bg5 Bf5 7. Bxf6 exf6 8. e3 Bb4 9. Bb5 0-0 10. 0-0 Bxc3 11. bxc3 Qa5 12. Qb3 Be4 13. Nd2 a6 14. Nxe4 dxe4 15. Bxc6 bxc6 16. Rab1 Qd5 17. Qxd5 cxd5 18. Rb6 Rfc8 19. Rc1 Kf8 20. f3 f5 21. Kf2 Ke7 22. Ke2 Rab8 23. Rxa6 Rb2+ 24. Kf1 exf3 25. gxf3 Rxh2 26. Ra7+ Ke6 27. Ra6+ Kd7 28. Ke1 Rh3 29. Ke2 Rh2+ 30. Kd3 Rf2 31. Rg1 g6 32. Rg3 Re8 33. f4 h5 34. a4 Ra2 35. Ra7+ Ke6 36. Ra6+ Ke7 37. Ra7+ Kf6 38. Ra6+ Re6 39. Ra5 Rd6 40. Rg1 Rb2 41. Rb5 Ra2 42. a5 Ke6 43. Rh1 Ra6 44. Rb6+ Rxb6 45. axb6 Rb2 46. c4 Rb3+ 47. Kc2 dxc4 48. Rb1 Rxb1 49. Kxb1 Kd6 50. d5 h4 51. b7 Kc7 52. d6+ Kxb7 53. Kc2 h3 54. d7 Kc7 55. d8Q+ Kxd8 0-1

[Event "Heusenstamm Sparkassen op U14 5th"]
[Site "Heusenstamm"]
[Date "2018.11.23"]
[Round "1"]
[White "Matsoukas, Konstantinos"]
[Black "Fuchs, Henrik"]
[Result "0-1"]
[WhiteElo "866"]
[BlackElo "1163"]
[PlyCount "130"]
[EventDate "2018.11.23"]
[EventType "swiss"]
[EventRounds "7"]
[EventCountry "GER"]
[SourceTitle "CBM 188 Extra"]
[Source "ChessBase"]
[SourceDate "2019.02.26"]
[SourceVersion "1"]
[SourceVersionDate "2019.02.26"]
[SourceQuality "1"]

1. e4 e5 2. Nf3 Nc6 3. Nc3 Nf6 4. d3 Be7 5. Be2 d6 6. 0-0 0-0 7. Be3 Be6 8. d4 exd4 9. Nxd4 Nxd4 10. Qxd4 c6 11. Bc4 c5 12. Qd3 a6 13. a4 Qa5 14. b3 Rfb8 15. Bf4 Qd8 16. Rfd1 Bxc4 17. Qxc4 Qd7 18. e5 Ne8 19. exd6 Bxd6 20. Bxd6 Nxd6 21. Qf4 Qf5 22. Qxd6 Qxc2 23. Rdc1 Qxb3 24. Qxc5 Rc8 25. Qd4 Rd8 26. Qe5 Rac8 27. h3 f6 28. Qg3 Qc4 29. Na2 Qxa4 30. Rxc8 Rxc8 31. Qf3 Rc2 32. Qd5+ Kf8 33. g3 b5 34. Qd6+ Kf7 35. Qd7+ Kg6 36. Qd3+ Kf7 37. Qd5+ Kg6 38. g4 h6 39. Qh5+ Kh7 40. Qf5+ Kg8 41. Qg6 Rxa2 42. Re1 Ra1 43. Rxa1 Qxa1+ 44. Kg2 Qe5 45. h4 a5 46. Qb1 b4 47. Qb3+ Kh8 48. Qc4 Qc3 49. Qd5 a4 50. f4 Qc2+ 51. Kg3 Qb3+ 52. Qf3 Qxf3+ 53. Kxf3 b3 54. Ke3 b2 55. Kd2 b1Q 56. g5 a3 57. gxf6 gxf6 58. Ke3 a2 59. Kd4 a1Q+ 60. Kd5 Qd3+ 61. Ke6 Qe1+ 62. Kxf6 Qd8+ 63. Kf5 Qf8+ 64. Kg4 Qe3 65. h5 Qfxf4# 0-1

[Event "Hessen-chC"]
[Site "Frankfurt"]
[Date "2018.05.11"]
[Round "4"]
[White "Fuchs, Henrik"]
[Black "Politoukhin, Nikolaj"]
[Result "0-1"]
[WhiteElo "1099"]
[BlackElo "893"]
[PlyCount "68"]
[EventDate "2018.05.10"]
[EventType "swiss"]
[EventRounds "7"]
[EventCountry "GER"]
[SourceTitle "EXT 2019"]
[Source "ChessBase"]
[SourceDate "2018.10.10"]
[SourceVersion "1"]
[SourceVersionDate "2018.10.10"]
[SourceQuality "1"]

1. d4 d5 2. Bg5 Nf6 3. c4 c6 4. Nf3 Bf5 5. Nc3 e6 6. e3 Be7 7. cxd5 exd5 8. Bd3 Ne4 9. Bxe4 dxe4 10. Bxe7 Qxe7 11. Ne5 Nd7 12. Nxd7 Qxd7 13. 0-0 0-0 14. Qb3 Be6 15. Qc2 f5 16. Na4 b6 17. Nc3 Rfd8 18. Rfd1 Qf7 19. b3 Rd6 20. Ne2 g5 21. Ng3 Rad8 22. Qe2 f4 23. Nxe4 Rd5 24. Nc3 R5d6 25. Qf3 Qd7 26. Ne4 Bg4 27. Nf6+ Rxf6 28. Qe4 Re8 29. Qd3 Bxd1 30. Rxd1 Rd6 31. exf4 Rxd4 32. Qc4+ Re6 33. Qxe6+ Qxe6 34. Rxd4 Qe1# 0-1